<Les> analyses stratégiques avant l'entrée sur le marché étranger diplomová práca

Salvato in:
Dettagli Bibliografici
Autore principale: Goasdoué, Pierre
Ente Autore: Ekonomická univerzita v Bratislave. Ústav medzinárodných programov
Altri autori: Chebeň, Juraj, Besse, Jacques
Natura: Libro
Lingua:francese
Pubblicazione: Bratislava 2010
Tags: Aggiungi Tag
Nessun Tag, puoi essere il primo ad aggiungerne!!

MARC

LEADER 00000nam a2200000 4500
001 0119193
005 20240318114912.0
041 0 |a fre 
044 |a SK 
245 1 0 |a <Les> analyses stratégiques avant l'entrée sur le marché étranger  |b diplomová práca  |c Pierre Goasdoué ; škol. Juraj Chebeň, Jacques Besse 
264 1 |a Bratislava  |c 2010 
300 |a 77 s. 
100 1 |a Goasdoué, Pierre 
700 1 |a Chebeň, Juraj 
700 1 |a Besse, Jacques 
710 2 |a Ekonomická univerzita v Bratislave. Ústav medzinárodných programov